[Event "FIDE World Rapid Team"]
[Site "London ENG"]
[Date "2025.06.11"]
[Round "1.1"]
[White "Bryant, Harry"]
[Black "Nogerbek, Kazybek"]
[Result "0-1"]
[BlackTitle "GM"]
[WhiteElo "2062"]
[BlackElo "2538"]
[WhiteTeam "The London Legends"]
[BlackTeam "Barys.kz"]
[WhiteFideId "489158"]
[BlackFideId "13710427"]
[EventDate "2025.06.11"]
[EventType "team"]

1. e4 Nc6 2. Nf3 d6 3. d4 Nf6 4. Nc3 g6 5. h3 Bg7 6. Be3 O-O 7. Qd2 e5 8. dxe5
dxe5 9. Bc4 Qe7 10. O-O-O Be6 11. Nd5 Bxd5 12. exd5 Rad8 13. Qc3 Nb8 14. Bxa7
Nbd7 15. Be3 e4 16. Nd4 Nb6 17. d6 Rxd6 18. Qb3 Nxc4 19. Qxc4 c6 20. Nb3 Rxd1+
21. Rxd1 Nd5 22. Bd2 Ra8 23. Kb1 Re8 24. Re1 f5 25. g4 Qf7 26. gxf5 Nc3+ 27.
Qxc3 Bxc3 28. fxg6 Qxb3 29. gxh7+ Kxh7 30. axb3 Bxd2 31. Re2 Bg5 32. h4 Bxh4 33.
f3 e3 34. Rh2 e2 35. Rxh4+ Kg6 0-1

[Event "FIDE World Rapid Team"]
[Site "London ENG"]
[Date "2025.06.11"]
[Round "1.2"]
[White "Makhnev, Denis"]
[Black "Dasgupta, Avyukt"]
[Result "1-0"]
[WhiteTitle "GM"]
[WhiteElo "2531"]
[BlackElo "2125"]
[WhiteTeam "Barys.kz"]
[BlackTeam "The London Legends"]
[WhiteFideId "13707647"]
[BlackFideId "480630"]
[EventDate "2025.06.11"]
[EventType "team"]

1. d4 Nf6 2. Nf3 e6 3. Bg5 h6 4. Bh4 b6 5. Nbd2 Bb7 6. e3 Be7 7. a4 Ne4 8. Bg3
c5 9. c3 d6 10. Bb5+ Kf8 11. Nxe4 Bxe4 12. O-O a6 13. Bd3 Bb7 14. e4 Nd7 15. Qe2
g6 16. Nd2 Kg7 17. f4 Bh4 18. e5 Bxg3 19. hxg3 h5 20. Nc4 h4 21. Qg4 hxg3 22.
Qxg3 Qh4 23. Qxh4 Rxh4 24. Nxd6 Bd5 25. Be4 cxd4 26. cxd4 Bxe4 27. Nxe4 Rc8 28.
g3 Rhh8 29. Rac1 Nb8 30. Nd6 Rc6 31. b4 Rd8 32. b5 axb5 33. axb5 Rcxd6 34. exd6
Rxd6 35. Rc7 Rxd4 36. Ra1 Rd7 37. Raa7 Rd1+ 38. Kf2 Rd2+ 39. Ke3 Rd8 40. Rxf7+
Kg8 41. Ke4 Rc8 42. Rg7+ Kf8 43. Rh7 Kg8 44. Rag7+ Kf8 45. Rc7 Rxc7 46. Rxc7 1-0

[Event "FIDE World Rapid Team"]
[Site "London ENG"]
[Date "2025.06.11"]
[Round "1.3"]
[White "Patel, Zain"]
[Black "Ismagambetov, Anuar"]
[Result "0-1"]
[BlackTitle "GM"]
[WhiteElo "2045"]
[BlackElo "2520"]
[WhiteTeam "The London Legends"]
[BlackTeam "Barys.kz"]
[WhiteFideId "469246"]
[BlackFideId "13701525"]
[EventDate "2025.06.11"]
[EventType "team"]

1. Nf3 Nf6 2. d4 g6 3. c4 Bg7 4. Nc3 d6 5. e4 O-O 6. Be2 e5 7. dxe5 dxe5 8. Qxd8
Rxd8 9. Bg5 Re8 10. Nd5 Nxd5 11. cxd5 c6 12. Bc4 b5 13. Bb3 Bb7 14. dxc6 Bxc6
15. Nd2 Nd7 16. Rc1 Rec8 17. O-O Bb7 18. Be3 a6 19. Rfd1 Bf8 20. Nf3 Rxc1 21.
Rxc1 Bxe4 22. Bxf7+ Kxf7 23. Ng5+ Ke7 24. Nxe4 h6 25. Rc6 Kf7 26. g3 a5 27. Nc5
Bxc5 28. Bxc5 h5 29. Be3 Rb8 30. b3 a4 31. b4 Rb7 32. Kg2 Nf6 33. Rc5 Ke6 34.
Kf3 Kf5 35. h3 g5 36. a3 g4+ 37. hxg4+ hxg4+ 38. Ke2 Ne4 39. Rc8 Nd6 40. Rf8+
Ke6 41. Rg8 Nc4 42. Bc1 Rh7 43. Rg6+ Kd5 44. Kd3 Rh1 45. Kc2 Rf1 46. Rf6 Ke4 47.
Rf8 Re1 48. Rb8 Re2+ 49. Kb1 Rxf2 50. Rxb5 Rf3 51. Rc5 Kd4 52. Rc8 Nxa3+ 53. Ka2
Nc4 54. b5 Rxg3 55. Bg5 Rb3 56. Rb8 g3 57. Be7 g2 58. Rg8 Rb2+ 59. Ka1 Rf2 0-1

[Event "FIDE World Rapid Team"]
[Site "London ENG"]
[Date "2025.06.11"]
[Round "1.4"]
[White "Suleymenov, Alisher"]
[Black "Vashisht-Pigem, Raman"]
[Result "1-0"]
[WhiteTitle "GM"]
[WhiteElo "2515"]
[BlackElo "1965"]
[WhiteTeam "Barys.kz"]
[BlackTeam "The London Legends"]
[WhiteFideId "13707833"]
[BlackFideId "469734"]
[EventDate "2025.06.11"]
[EventType "team"]

1. d4 e6 2. c4 b6 3. a3 Bb7 4. Nc3 Nf6 5. Nf3 d5 6. cxd5 Nxd5 7. Qc2 Be7 8. e4
Nxc3 9. bxc3 O-O 10. Bd3 Nd7 11. O-O c5 12. Bf4 Rc8 13. Qd2 Nf6 14. Rfe1 cxd4
15. cxd4 Qd7 16. a4 a5 17. Bb5 Qd8 18. Qd3 Bb4 19. Bd2 Qe7 20. e5 Nd5 21. Ng5 g6
22. Ne4 Bxd2 23. Qxd2 f5 24. Nd6 Rcd8 25. Rac1 Rxd6 26. exd6 Qxd6 27. Re5 Nb4
28. Bc4 Re8 29. Qe3 Nd5 30. Qg5 Qe7 31. Qxe7 Rxe7 32. Bb5 Kf7 33. f3 Nb4 34. h4
Bd5 35. Ree1 h6 36. Rc8 Kg7 37. Rec1 Kf6 38. R1c7 Rxc7 39. Rxc7 Bb3 40. Rb7 Nc2
41. Rxb6 Nxd4 42. Ra6 Ke7 43. Rxa5 Kd6 44. Kf2 f4 45. Be8 Nf5 46. Bxg6 Nxh4 47.
Be4 Kc7 48. Rc5+ Kd6 49. Rh5 Nf5 50. Bxf5 exf5 51. a5 1-0

[Event "FIDE World Rapid Team"]
[Site "London ENG"]
[Date "2025.06.11"]
[Round "1.5"]
[White "Mokhber-Garcia, Sebastian"]
[Black "Kairbekova, Amina"]
[Result "0-1"]
[BlackTitle "WIM"]
[WhiteElo "1853"]
[BlackElo "2317"]
[WhiteTeam "The London Legends"]
[BlackTeam "Barys.kz"]
[WhiteFideId "499269"]
[BlackFideId "13712799"]
[EventDate "2025.06.11"]
[EventType "team"]

1. e4 c5 2. Nf3 e6 3. d4 cxd4 4. Nxd4 Nf6 5. Nc3 Nc6 6. Nxc6 bxc6 7. e5 Nd5 8.
Ne4 Qc7 9. f4 Rb8 10. c4 Bb4+ 11. Kf2 O-O 12. cxd5 cxd5 13. Nf6+ gxf6 14. exf6
Bc5+ 15. Kg3 Kh8 16. Qh5 Rg8+ 17. Kh4 Qd8 18. Qxf7 Bd4 19. f5 Qxf6+ 20. Qxf6+
Bxf6+ 21. Kh3 d6 22. Bd3 e5 23. Rf1 e4 24. Bc2 Re8 25. g4 e3 26. Re1 d4 27. Bd3
Bb7 28. b3 Be4 29. Bxe4 Rxe4 30. Bb2 Rg8 31. Rg1 h5 32. Rae1 hxg4+ 33. Kg2 e2
34. Rc1 Be5 35. Ba3 d3 0-1

[Event "FIDE World Rapid Team"]
[Site "London ENG"]
[Date "2025.06.11"]
[Round "1.6"]
[White "Nurakyn, Suleiman"]
[Black "Kodukula, Sameera"]
[Result "1-0"]
[WhiteElo "1773"]
[BlackElo "1647"]
[WhiteTeam "Barys.kz"]
[BlackTeam "The London Legends"]
[WhiteFideId "447003073"]
[BlackFideId "343413994"]
[EventDate "2025.06.11"]
[EventType "team"]

1. d4 e6 2. c4 d5 3. Nf3 Nf6 4. g3 Be7 5. Bg2 c6 6. Qc2 Nbd7 7. O-O O-O 8. Nbd2
Nb6 9. b3 Re8 10. e4 dxe4 11. Nxe4 Nbd7 12. Rd1 Nxe4 13. Qxe4 Nf6 14. Qe2 h6 15.
Bf4 Nh5 16. Be3 Nf6 17. Rac1 Ng4 18. Bf4 Nf6 19. Ne5 Bd7 20. Bf3 Rc8 21. Kg2 a6
22. h4 Rf8 23. Rh1 Nh7 24. Rcd1 Bf6 25. Rd2 Bxe5 26. dxe5 Qe7 27. Rhd1 Rcd8 28.
Rd6 Bc8 29. Be3 Qc7 30. Bc5 Rfe8 31. Qe3 Bd7 32. Bb6 Qc8 33. R1d3 Nf8 34. Qd2
Re7 35. Bxd8 Qxd8 36. h5 Qc7 37. Qb4 Re8 38. a4 a5 39. Qc5 b6 40. Qe3 Rd8 41. c5
bxc5 42. Qxc5 Rc8 43. Be4 Kh8 44. R6d4 Kg8 45. Qd6 Qb7 46. Qe7 Rc7 47. Qc5 Qa7
48. Qxa7 Rxa7 49. Rc3 Rc7 50. Rc5 Nh7 51. f4 f6 52. Rxa5 fxe5 53. fxe5 Ng5 54.
Bg6 Kf8 55. Ra8+ 1-0

[Event "FIDE World Rapid Team"]
[Site "London ENG"]
[Date "2025.06.11"]
[Round "1.1"]
[White "Martinez Alcantara, Jose Eduardo"]
[Black "Skytte, Rasmus"]
[Result "1/2-1/2"]
[WhiteTitle "GM"]
[BlackTitle "IM"]
[WhiteElo "2611"]
[BlackElo "2367"]
[WhiteTeam "Theme International Trading"]
[BlackTeam "Danish Futures"]
[WhiteFideId "3805662"]
[BlackFideId "1404210"]
[EventDate "2025.06.11"]
[EventType "team"]

1. c4 e6 2. Nf3 d5 3. g3 Nf6 4. Bg2 Be7 5. O-O O-O 6. d3 Nc6 7. a3 dxc4 8. dxc4
e5 9. Nc3 Be6 10. Qa4 h6 11. Rd1 Qe8 12. Nd5 Bxd5 13. cxd5 Nd4 14. Qxe8 Nxf3+
15. Bxf3 Nxe8 16. b3 f5 17. e4 Bc5 18. Ra2 fxe4 19. Bxe4 Nd6 20. Bg2 Nb5 21. Rc2
Bb6 22. Be4 Rae8 23. Kg2 Rf6 24. f3 Nd4 25. Rb2 Ref8 26. Rd3 Nb5 27. a4 Nd6 28.
Re2 Bd4 29. Bd2 g5 30. Bc3 Bxc3 31. Rxc3 R8f7 32. Bc2 Re7 33. Rce3 Nf7 34. b4
Kg7 35. Bb1 Rb6 36. Rb3 a5 37. b5 Rd6 38. Be4 Kf6 39. Rc2 Rdd7 40. b6 Nd6 41.
Rc5 g4 42. Bc2 gxf3+ 43. Rxf3+ Kg7 44. Rb3 e4 45. Rcc3 cxb6 46. Rxb6 Rc7 47.
Rxc7 Rxc7 48. Rxd6 Rxc2+ 1/2-1/2

[Event "FIDE World Rapid Team"]
[Site "London ENG"]
[Date "2025.06.11"]
[Round "1.2"]
[White "Kistrup, Nicolai"]
[Black "Tin, Jingyao"]
[Result "0-1"]
[WhiteTitle "IM"]
[BlackTitle "GM"]
[WhiteElo "2381"]
[BlackElo "2583"]
[WhiteTeam "Danish Futures"]
[BlackTeam "Theme International Trading"]
[WhiteFideId "1444816"]
[BlackFideId "5804418"]
[EventDate "2025.06.11"]
[EventType "team"]

1. e4 e5 2. Nf3 Nc6 3. Bc4 Bc5 4. c3 Nf6 5. d4 exd4 6. e5 d5 7. Bb5 Ne4 8. cxd4
Bb6 9. Nc3 O-O 10. Be3 Bg4 11. h3 Bh5 12. Qc2 Nxc3 13. bxc3 f6 14. exf6 Qxf6 15.
Be2 Rae8 16. O-O Kh8 17. Rae1 Ba5 18. Bg5 Qd6 19. Bh4 Bxf3 20. gxf3 Qa3 21. Rb1
Qxc3 22. Qxc3 Bxc3 23. Bb5 Re6 24. Kg2 Nxd4 25. Bg3 c6 26. Bd3 b5 27. f4 b4 28.
Rfd1 g6 29. h4 c5 30. h5 c4 31. Bf1 gxh5 32. Rbc1 Rg6 33. Kh3 h4 34. Kxh4 Nf5+
35. Kh3 Rfg8 36. Rxd5 Rh6+ 37. Kg2 Rxg3+ 38. fxg3 Ne3+ 39. Kf3 Nxd5 40. Bxc4 Nb6
41. Bb3 Rd6 42. Rh1 a5 43. Bc2 h6 44. g4 Kg7 45. g5 Nc4 46. Rh2 hxg5 47. fxg5
Ne5+ 48. Ke4 Ng6 49. Bb3 Rd4+ 50. Ke3 Rg4 51. Kd3 Ne5+ 52. Kc2 Nf3 53. Rf2 Nd4+
54. Kd3 Nxb3 55. axb3 Rxg5 56. Kc4 Bf6 57. Re2 Kf7 58. Re1 Rg3 59. Rb1 Rg5 60.
Re1 Re5 61. Rd1 Ke6 62. Rd2 Be7 63. Ra2 Rc5+ 64. Kd4 0-1

[Event "FIDE World Rapid Team"]
[Site "London ENG"]
[Date "2025.06.11"]
[Round "1.3"]
[White "Le, Tuan Minh"]
[Black "Nilssen, Ellen Fredericia"]
[Result "1-0"]
[WhiteTitle "GM"]
[BlackTitle "WIM"]
[WhiteElo "2598"]
[BlackElo "2160"]
[WhiteTeam "Theme International Trading"]
[BlackTeam "Danish Futures"]
[WhiteFideId "12401153"]
[BlackFideId "1441230"]
[EventDate "2025.06.11"]
[EventType "team"]

1. d4 d5 2. c4 e6 3. Nf3 a6 4. Bg5 Be7 5. Bxe7 Qxe7 6. Nbd2 Nf6 7. g3 O-O 8. Bg2
Nbd7 9. O-O c6 10. Qc2 e5 11. dxe5 Nxe5 12. Nxe5 Qxe5 13. cxd5 Nxd5 14. Nc4 Qf6
15. e4 Nc7 16. Rfe1 Rd8 17. e5 Qh6 18. Rad1 Bg4 19. Rd6 Ne6 20. Na5 Rxd6 21.
exd6 Nd4 22. Qe4 Ne2+ 23. Kf1 f5 24. Qe7 Qxh2 25. Rxe2 Bxe2+ 26. Qxe2 Qh6 27.
Nxb7 Qc1+ 28. Qe1 Qc4+ 29. Kg1 Qf7 30. Bxc6 1-0

[Event "FIDE World Rapid Team"]
[Site "London ENG"]
[Date "2025.06.11"]
[Round "1.4"]
[White "Skytte, Robert"]
[Black "Siddharth, Jagadeesh"]
[Result "0-1"]
[WhiteTitle "CM"]
[BlackTitle "GM"]
[WhiteElo "2015"]
[BlackElo "2461"]
[WhiteTeam "Danish Futures"]
[BlackTeam "Theme International Trading"]
[WhiteFideId "1471775"]
[BlackFideId "5818320"]
[EventDate "2025.06.11"]
[EventType "team"]

1. e4 d6 2. d4 Nf6 3. Nc3 e5 4. dxe5 dxe5 5. Qxd8+ Kxd8 6. Bg5 Be6 7. O-O-O+ Nd7
8. g3 Kc8 9. Bh3 h6 10. Bxe6 fxe6 11. Be3 Ng4 12. Nf3 Nxe3 13. fxe3 Bc5 14. Rd3
Rf8 15. Rf1 Bb4 16. Rdd1 Bxc3 17. bxc3 Rf6 18. g4 a5 19. h4 Ra6 20. g5 Rf8 21.
gxh6 gxh6 22. h5 Rd6 23. Rde1 b5 24. Nh4 Rxf1 25. Rxf1 Nc5 26. Rf6 Nxe4 27. Rxh6
Nxc3 28. Rh8+ Kb7 29. h6 b4 0-1

[Event "FIDE World Rapid Team"]
[Site "London ENG"]
[Date "2025.06.11"]
[Round "1.5"]
[White "Gong, Qianyun"]
[Black "Derlich, Sarah Sima"]
[Result "1-0"]
[WhiteTitle "WGM"]
[BlackTitle "WCM"]
[WhiteElo "2228"]
[BlackElo "1926"]
[WhiteTeam "Theme International Trading"]
[BlackTeam "Danish Futures"]
[WhiteFideId "8602425"]
[BlackFideId "1469290"]
[EventDate "2025.06.11"]
[EventType "team"]

1. e4 c5 2. Nf3 d6 3. d4 cxd4 4. Nxd4 Nf6 5. Nc3 a6 6. Bd3 e5 7. Nde2 Be7 8. O-O
O-O 9. Ng3 b5 10. h3 Nbd7 11. Nf5 Nc5 12. Nxe7+ Qxe7 13. Bg5 Bb7 14. Re1 Nxd3
15. Qxd3 h6 16. Bh4 Qe6 17. Rad1 Rfd8 18. Nd5 Bxd5 19. exd5 Qe7 20. f4 Qa7+ 21.
Kh1 Re8 22. fxe5 Rxe5 23. Rxe5 dxe5 24. Bxf6 gxf6 25. Qf3 Kg7 26. d6 Rd8 27.
Qg4+ Kh7 28. Qf5+ Kg7 29. Rd3 Qc5 30. d7 Qe7 31. Qg4+ Kh8 32. Rg3 Qf8 33. Qh4
Rb8 34. Qxf6+ Kh7 35. Qxe5 f6 36. Qf5+ Kh8 37. Qe6 Kh7 38. Rf3 Qg7 39. Rxf6 Rf8
40. Qf5+ 1-0

[Event "FIDE World Rapid Team"]
[Site "London ENG"]
[Date "2025.06.11"]
[Round "1.6"]
[White "Andries, Leia"]
[Black "Zhang, Changjie"]
[Result "1-0"]
[WhiteElo "1830"]
[BlackElo "1808"]
[WhiteTeam "Danish Futures"]
[BlackTeam "Theme International Trading"]
[WhiteFideId "1469207"]
[BlackFideId "5801877"]
[EventDate "2025.06.11"]
[EventType "team"]

1. e4 e6 2. d4 d5 3. e5 c5 4. c3 Nc6 5. Nf3 Qb6 6. Bd3 Nh6 7. dxc5 Bxc5 8. O-O
Bd7 9. b4 Be7 10. Na3 Qc7 11. Qe2 Nf5 12. Rd1 g6 13. Nb5 Qb8 14. Bxf5 gxf5 15.
Bg5 a6 16. Bxe7 axb5 17. Bd6 Qd8 18. Qe3 h6 19. Qf4 f6 20. Qh4 Qb6 21. Qxf6 Rg8
22. Nd4 Qd8 23. Qxh6 Qg5 24. Qxg5 Rxg5 25. Nxb5 Kf7 26. Nd4 Rag8 27. g3 f4 28.
Nf3 Rh5 29. a4 fxg3 30. fxg3 Rf5 31. Kg2 Rg4 32. b5 Na5 33. Nd4 Rh5 34. Rf1+ Kg7
35. Rf6 Nc4 36. Nxe6+ Bxe6 37. Rxe6 Re4 38. Re7+ Kg6 39. h4 Re2+ 40. Kh3 Ne3 41.
e6 Nf5 42. Rd7 Re3 43. Kg2 Rxe6 44. Bf4 Re2+ 45. Kf3 Rc2 46. Rxb7 Rxc3+ 47. Kg2
Rc2+ 48. Kg1 Nd4 49. a5 Kf5 50. a6 Kg4 51. a7 Ne2+ 52. Kf1 Nxf4 53. gxf4 Rxh4
54. Rg7+ Kf3 55. a8=Q Rf2+ 56. Kg1 1-0

[Event "FIDE World Rapid Team"]
[Site "London ENG"]
[Date "2025.06.11"]
[Round "1.1"]
[White "Vaidyanathan, Adithya"]
[Black "Williams, Simon K"]
[Result "1-0"]
[BlackTitle "GM"]
[WhiteElo "2111"]
[BlackElo "2444"]
[WhiteTeam "UK Chess Challenge Masters"]
[BlackTeam "e-therapeutics"]
[WhiteFideId "495450"]
[BlackFideId "404454"]
[EventDate "2025.06.11"]
[EventType "team"]

1. d4 e6 2. c4 f5 3. Nf3 Nf6 4. Nc3 Bb4 5. Qb3 a5 6. Bd2 O-O 7. g3 d6 8. Bg2 Ne4
9. a3 Nxd2 10. Nxd2 Bxc3 11. Qxc3 Qe7 12. f4 Nc6 13. O-O a4 14. e4 e5 15. d5 Nd4
16. Rae1 fxe4 17. Rxe4 c5 18. dxc6 Nxc6 19. fxe5 Rxf1+ 20. Nxf1 dxe5 21. Ne3 Be6
22. Nd5 Qf7 23. Nb4 Rf8 24. Nxc6 bxc6 25. Qxe5 Bxc4 26. Rf4 Qa7+ 27. Kh1 Qd7 28.
Rxf8+ Kxf8 29. Qc5+ 1-0

[Event "FIDE World Rapid Team"]
[Site "London ENG"]
[Date "2025.06.11"]
[Round "1.2"]
[White "Pert, Richard G"]
[Black "Yu, Rock"]
[Result "1-0"]
[WhiteTitle "IM"]
[WhiteElo "2416"]
[BlackElo "2057"]
[WhiteTeam "e-therapeutics"]
[BlackTeam "UK Chess Challenge Masters"]
[WhiteFideId "404748"]
[BlackFideId "489000"]
[EventDate "2025.06.11"]
[EventType "team"]

1. d4 Nf6 2. Nf3 e6 3. Bf4 c5 4. e3 Qb6 5. Na3 Qxb2 6. Nb5 Nd5 7. Rb1 Qxa2 8.
Ra1 Qb2 9. Bc4 Qb4+ 10. Nd2 Na6 11. Rb1 Nc3 12. Rxb4 Nxd1 13. Rb1 d5 14. Be2
Nxe3 15. fxe3 cxd4 16. exd4 Bd7 17. O-O f6 18. c4 Be7 19. Nd6+ Bxd6 20. Bxd6 Bc6
21. c5 Kd7 22. Rb3 Nc7 23. Rg3 Ne8 24. Bf4 g5 25. Be3 h5 26. Rgf3 b6 27. Nb3 Ba4
28. Bd2 Bc6 29. Ra1 g4 30. Rff1 f5 31. Bf4 Nf6 32. Be5 Rhf8 33. cxb6 axb6 34.
Rxa8 Bxa8 35. Ra1 Ne4 36. Ra7+ Kc6 37. Rc7# 1-0

[Event "FIDE World Rapid Team"]
[Site "London ENG"]
[Date "2025.06.11"]
[Round "1.3"]
[White "Murawski, Jan"]
[Black "Mortazavi, Ali"]
[Result "1/2-1/2"]
[WhiteTitle "CM"]
[BlackTitle "IM"]
[WhiteElo "2164"]
[BlackElo "2333"]
[WhiteTeam "UK Chess Challenge Masters"]
[BlackTeam "e-therapeutics"]
[WhiteFideId "21009287"]
[BlackFideId "401323"]
[EventDate "2025.06.11"]
[EventType "team"]

1. d4 Nf6 2. c4 g6 3. Nc3 Bg7 4. e4 O-O 5. f3 d6 6. Be3 a6 7. Qd2 c6 8. a4 a5 9.
Nge2 Nbd7 10. g4 e5 11. d5 cxd5 12. cxd5 Nc5 13. Qc2 Bd7 14. Nc1 Rc8 15. Nd3
Nfxe4 16. fxe4 Nxe4 17. Nf2 Nxf2 18. Qxf2 Bxg4 19. Be2 Bh3 20. O-O-O Bd7 21. h4
Bxa4 22. Rdg1 Bb3 23. h5 Bxd5 24. hxg6 fxg6 25. Qh2 Bxh1 26. Rxh1 h5 27. Bxh5
gxh5 28. Qxh5 Qf6 29. Qh7+ Kf7 30. Rh6 Rxc3+ 31. bxc3 Qf1+ 32. Kb2 Qe2+ 33. Ka3
Qxe3 34. Qg6+ Kg8 35. Qh7+ Kf7 1/2-1/2

[Event "FIDE World Rapid Team"]
[Site "London ENG"]
[Date "2025.06.11"]
[Round "1.5"]
[White "Longson, Sarah N"]
[Black "Pert, Max"]
[Result "0-1"]
[WhiteTitle "WFM"]
[BlackTitle "FM"]
[WhiteElo "1941"]
[BlackElo "2277"]
[WhiteTeam "UK Chess Challenge Masters"]
[BlackTeam "e-therapeutics"]
[WhiteFideId "2501465"]
[BlackFideId "456845"]
[EventDate "2025.06.11"]
[EventType "team"]

1. e4 e5 2. Nf3 Nc6 3. Bc4 Nf6 4. d3 h6 5. c3 d6 6. Nbd2 g5 7. Nf1 Bg7 8. Ne3
Ne7 9. Qb3 O-O 10. a4 c6 11. Qc2 d5 12. exd5 cxd5 13. Ba2 Nc6 14. O-O Be6 15. b4
Rc8 16. Qe2 Nh5 17. b5 Ne7 18. Bb2 Nf4 19. Qd2 e4 20. Ne1 Qa5 21. dxe4 d4 22.
Bxe6 Nxe6 23. Nf5 Nxf5 24. exf5 dxc3 25. Qe2 cxb2 26. Rb1 Nf4 0-1

[Event "FIDE World Rapid Team"]
[Site "London ENG"]
[Date "2025.06.11"]
[Round "1.6"]
[White "Mortazavi, Sami"]
[Black "Veselow, Zoe"]
[Result "0-1"]
[WhiteElo "1805"]
[BlackElo "1761"]
[WhiteTeam "e-therapeutics"]
[BlackTeam "UK Chess Challenge Masters"]
[WhiteFideId "343443834"]
[BlackFideId "497657"]
[EventDate "2025.06.11"]
[EventType "team"]

1. e4 c5 2. Nf3 e6 3. d4 cxd4 4. Qxd4 Nc6 5. Qe3 d6 6. Bd3 Nf6 7. O-O Be7 8. Nc3
O-O 9. b3 a6 10. Bb2 Qc7 11. h3 Nb4 12. Rad1 Nxd3 13. cxd3 b5 14. e5 dxe5 15.
Nxe5 Bb7 16. Ne4 Nxe4 17. dxe4 Rad8 18. Rxd8 Rxd8 19. Rc1 Qb8 20. Nf3 f6 21. Qb6
Rd6 22. Qe3 Qd8 23. Nd4 Kf7 24. g3 Rd7 25. Kh2 Bb4 26. a3 Ba5 27. Nc6 Bxc6 28.
Rxc6 Rd6 29. Rc2 Bb6 30. Qf4 Rd3 31. e5 f5 32. Bc3 Qc7 33. Qb4 Bxf2 34. Rxf2
Qxc3 35. Qh4 Qxe5 36. Qh5+ Kf8 37. Rg2 h6 38. Qg6 Rxb3 39. Qh7 Rxa3 40. Qh8+ Kf7
41. Qc8 Qf6 42. Rd2 Kg6 43. Re2 e5 44. Rc2 Rd3 45. Qe8+ Kg5 46. h4+ Kg4 47. Rb2
Qd6 48. Rg2 Rd2 49. Qa8 Qd5 0-1

[Event "FIDE World Rapid Team"]
[Site "London ENG"]
[Date "2025.06.11"]
[Round "1.1"]
[White "Samadov, Read"]
[Black "Gallana, Marco"]
[Result "1/2-1/2"]
[WhiteTitle "IM"]
[WhiteElo "2522"]
[BlackElo "2215"]
[WhiteTeam "Rookies"]
[BlackTeam "Hammersmith Chess Club"]
[WhiteFideId "13417444"]
[BlackFideId "824542"]
[EventDate "2025.06.11"]
[EventType "team"]

1. d4 Nf6 2. c4 g6 3. Nc3 d5 4. cxd5 Nxd5 5. e4 Nxc3 6. bxc3 Bg7 7. Bc4 c5 8.
Ne2 Nc6 9. Be3 O-O 10. O-O b6 11. h4 e6 12. h5 Qh4 13. Qc1 cxd4 14. cxd4 Qd8 15.
Rd1 Na5 16. Bd3 Bb7 17. h6 Bf6 18. Qd2 Rc8 19. Rac1 Qd7 20. Bg5 Qe7 21. Bf4 Qd7
22. e5 Be7 23. Bg5 Rfd8 24. Qf4 Re8 25. Bf6 Bf8 26. Ng3 Rxc1 27. Rxc1 Qd5 28. f3
Nc6 29. Ne2 Qxa2 30. Nc3 Qa3 31. d5 exd5 32. Bf1 Nd4 33. Nb5 Ne6 34. Qd2 Qa4 35.
Nd6 Rb8 36. Nxb7 Rxb7 37. Qxd5 Rd7 38. Qa8 Qd4+ 39. Kh1 Qf4 40. Qc8 Qxh6+ 41.
Kg1 Qe3+ 42. Kh1 Qh6+ 43. Kg1 Qe3+ 44. Kh1 Qh6+ 1/2-1/2

[Event "FIDE World Rapid Team"]
[Site "London ENG"]
[Date "2025.06.11"]
[Round "1.2"]
[White "Villiers, Thomas"]
[Black "Royal, Shreyas"]
[Result "0-1"]
[WhiteTitle "CM"]
[BlackTitle "GM"]
[WhiteElo "2158"]
[BlackElo "2492"]
[WhiteTeam "Hammersmith Chess Club"]
[BlackTeam "Rookies"]
[WhiteFideId "427209"]
[BlackFideId "448869"]
[EventDate "2025.06.11"]
[EventType "team"]

1. e4 c6 2. d4 d5 3. Nd2 dxe4 4. Nxe4 Nf6 5. Nxf6+ exf6 6. c3 Bd6 7. Bd3 O-O 8.
Ne2 Re8 9. Qc2 h5 10. Be3 Nd7 11. Ng3 Nf8 12. Nxh5 g6 13. Ng3 f5 14. Ne2 f4 15.
Bd2 Bg4 16. f3 Qh4+ 17. Kd1 Bd7 18. Be1 Qf6 19. Bf2 b5 20. Kd2 a5 21. Rae1 Be6
22. h4 a4 23. a3 Bb3 24. Qb1 Red8 25. Nc1 Bc4 26. Be4 Rac8 27. h5 g5 28. Nd3 c5
29. Re2 Ne6 30. d5 Nc7 31. Rd1 Nxd5 32. Ke1 Qh6 33. Bxd5 Bxd5 34. Ne5 Bxe5 35.
Rxe5 Qxh5 36. Qd3 Qh1+ 37. Qf1 Qxf1+ 38. Kxf1 Bc4+ 39. Ke1 Re8 40. Bd4 Rxe5+ 41.
Bxe5 Re8 42. Rd7 Rxe5+ 43. Kd1 Rd5+ 44. Rxd5 Bxd5 45. Kd2 f5 46. Kd3 g4 0-1

[Event "FIDE World Rapid Team"]
[Site "London ENG"]
[Date "2025.06.11"]
[Round "1.3"]
[White "Suleimen, Ergali"]
[Black "Hill, Alistair"]
[Result "1-0"]
[WhiteTitle "FM"]
[WhiteElo "2302"]
[BlackElo "2178"]
[WhiteTeam "Rookies"]
[BlackTeam "Hammersmith Chess Club"]
[WhiteFideId "13724452"]
[BlackFideId "432407"]
[EventDate "2025.06.11"]
[EventType "team"]

1. e4 c6 2. Nc3 d5 3. Nf3 Bg4 4. h3 Bxf3 5. Qxf3 e6 6. Be2 Nf6 7. O-O dxe4 8.
Nxe4 Be7 9. c3 O-O 10. d4 Nbd7 11. Nxf6+ Nxf6 12. Re1 Qd7 13. Bf1 Rfd8 14. g3 a5
15. a4 b5 16. axb5 cxb5 17. Qe2 b4 18. Bg2 Ra7 19. c4 a4 20. Be3 a3 21. d5 Ra4
22. b3 Raa8 23. dxe6 Qxe6 24. Bxa8 Rxa8 25. Qf3 Qa6 26. Bd4 Bf8 27. Bxf6 gxf6
28. Re4 Rd8 29. Qf5 Bg7 30. Rae1 Qc6 31. Qb5 Qxb5 32. cxb5 Bf8 33. Re8 Rd5 34.
b6 Rb5 35. Rb8 Kg7 36. b7 Bd6 37. Rd8 Bc7 38. Rd7 Rxb7 39. Rc1 a2 40. Ra1 Ra7
41. Rd2 Ra3 42. Raxa2 Rxb3 43. Kg2 Be5 44. Ra7 Ra3 45. Rb7 b3 46. Rd3 Ra2 47.
Rbxb3 Rc2 48. Rb7 Rc7 49. Rxc7 Bxc7 50. Rd5 Kg6 51. g4 Bb8 52. Kf3 Bc7 53. Ke4
Bb8 54. h4 Ba7 55. f4 Bf2 56. h5+ Kg7 57. Kf5 Bh4 58. Rd2 h6 59. Re2 Bg3 60. Ke4
Bh4 61. Kf3 f5 62. gxf5 Bd8 63. Rg2+ Kf6 64. Rg8 Ba5 65. Ke4 Bc3 66. Rc8 Bb2 67.
Rc2 Ba1 68. Rc6+ Kg7 69. Rb6 Bc3 70. Kd5 Ba1 71. Rd6 Bb2 72. Kc6 Bc1 73. f6+ Kh7
74. Rd7 Bxf4 75. Rxf7+ Kh8 76. Kd7 Bg5 77. Ke6 1-0